| 000 | 00461nam a2200193Ia 4500 | ||
|---|---|---|---|
| 005 | 20240823045002.0 | ||
| 008 | 240823s9999||||xx |||||||||||||| ||und|| | ||
| 041 | _aENGLISH | ||
| 082 | _A420 P9 | ||
| 100 | _aLakshmana Perumal N | ||
| 245 | 0 | _aTechnical English - II | |
| 250 | _a3rd | ||
| 260 |
_c2009 _bSri Krishna Publi _aChennai |
||
| 500 | _aTRANSFERED | ||
| 650 |
_aEnglish _bEnglish |
||
| 700 | _a Sathiaseelan S | ||
| 942 | _cBK | ||
| 999 |
_c213897 _d213897 |
||